American journal of political science
| Título anterior: | Midwest journal of political science (Online) |
|---|---|
| Autor Corporativo: | |
| Formato: | Electrónico Revista |
| Lenguaje: | inglés |
| Publicado: |
Detroit, MI :
Wayne State University Press,
1973-
Austin, TX : University of Texas Press Madison, WI : University of Wisconsin Press Hoboken, NJ : Wiley-Blackwell Malden, MA : John Wiley & Sons |
| Materias: | |
| Acceso en línea: | Full text available from Research Library: 11/01/1995 to 10/31/1998 |
MARC
| LEADER | 00000nas a2200000 a 4500 | ||
|---|---|---|---|
| 001 | ssj0009493 | ||
| 003 | WaSeSS | ||
| 005 | 20200512172242.0 | ||
| 006 | m d | ||
| 007 | cr n | ||
| 008 | 980203c19739999mauqr p s 0 a0eng c | ||
| 010 | |a sn 98023013 |z 2002213650 | ||
| 015 | |a GBB349541 |2 bnb | ||
| 016 | 7 | |a (AMICUS)43574867 |2 CaOONL | |
| 016 | 7 | |a 100966955 |2 DNLM | |
| 016 | 7 | |a 012431986 |2 Uk | |
| 022 | |a 1540-5907 |y 0092-5853 | ||
| 035 | |a (WaSeSS)ssj0009493 | ||
| 040 | |a EYM |b eng |c EYM |d OCL |d IUL |d OCL |d OCLCQ |d NSD |d OCLCQ |d CIT |d CLU |d LGG |d OCLCE |d UKMGB |d AU@ |d FJM |d OCLCQ |d DLC |d OCL |d OCLCQ |d SCB |d CUD |d OCLCO |d EUW |d DLC |d OCLCQ |d OCLCF |d OCLCO |d OCLCQ |d VT2 |d WT2 |d ZAC |d NLC |d OCLCQ |d IOG |d U3W |d BRL |d OCLCQ |d WYU |d AUD |d OCLCQ |d RCE |d APUMS |d FIE |d CNTRU |d WaSeSS | ||
| 042 | |a pcc |a nsdp |a dlr | ||
| 050 | 1 | 4 | |a JA1 |
| 082 | 1 | 0 | |a 320 |2 14 |
| 082 | 0 | 4 | |a 320 |
| 130 | 0 | |a American journal of political science (Online) | |
| 222 | 0 | |a American journal of political science |b (Online) | |
| 245 | 1 | 0 | |a American journal of political science |h [electronic resource]. |
| 246 | 3 | |a AJPS |f <2000-> | |
| 260 | |3 1973- : |a Detroit, MI : |b Wayne State University Press, |c 1973- | ||
| 260 | 2 | |3 1978- : |a Austin, TX : |b University of Texas Press | |
| 260 | 2 | |3 1995- : |a Madison, WI : |b University of Wisconsin Press | |
| 260 | 2 | |3 <2010-> : |a Hoboken, NJ : |b Wiley-Blackwell | |
| 260 | 3 | |3 <Apr. 2011> : |a Malden, MA : |b John Wiley & Sons | |
| 362 | 0 | |a Vol. 17, no. 1 (Feb. 1973)- | |
| 506 | |a License restrictions may limit access. | ||
| 538 | |a Master and use copy. Digital master created according to Benchmark for Faithful Digital Reproductions of Monographs and Serials, Version 1. Digital Library Federation, December 2002. |u http://purl.oclc.org/DLF/benchrepro0212 |5 MiAaHDL | ||
| 550 | |a Official publication of the Midwest Political Science Association. | ||
| 583 | 1 | |a digitized |c 2010 |h HathiTrust Digital Library |l committed to preserve |5 MiAaHDL |2 pda | |
| 588 | |a Description based on JSTOR World Wide Web homepage; title from title screen. | ||
| 588 | |a Latest issue consulted: Vol. 55, issue 2 (Apr. 2011) (Wiley Online Library, viewed Jun. 30, 2011). | ||
| 650 | 0 | |a Political science |v Periodicals. | |
| 650 | 6 | |a Science politique |v Périodiques. | |
| 650 | 7 | |a Political science. |2 fast |0 (OCoLC)fst01069781 | |
| 650 | 1 | 7 | |a Politieke wetenschappen. |2 gtt |
| 655 | 0 | |a Electronic journals. | |
| 710 | 2 | |a Midwest Political Science Association (U.S.) | |
| 776 | 0 | 8 | |i Print version: |t American journal of political science |x 0092-5853 |w (DLC) 73647828 |w (OCoLC)1789847 |
| 780 | 0 | 0 | |t Midwest journal of political science (Online) |x 2325-6958 |w (DLC)sn 98023012 |w (OCoLC)38309961 |
| 856 | 4 | 0 | |z Full text available from Research Library: 11/01/1995 to 10/31/1998 |u https://search.proquest.com/publication/41523 |